000 00493nam a2200181Ia 4500
003 GCL
008 140319s9999 xx 000 0 eng d
040 _aGCL /
_cGCL
082 0 4 _a005.13
_bG V
100 1 _aGOREN, CRAIG.
245 1 0 _aVISUAL BASIC.4 ENTERPRISE CLIENT \ SERVER DEVELOPMENT. /
_cGOREN, CRAIG.
260 _a[S.N] :
_bQUE CORPORATION ،
_c1996
300 _a974 P
650 0 4 _aشعر الحرب
650 0 4 _aPROGRAMMING LANGUAGE
650 0 4 _aBASIC 4.
942 _2ddc
_cBK
999 _c13032
_d13032